| 000 | 00392nam a2200169Ia 4500 | ||
|---|---|---|---|
| 005 | 20240924064320.0 | ||
| 008 | 240331s9999 xx 000 0 und d | ||
| 020 | _a0140123520 | ||
| 082 |
_bJAY _a730 |
||
| 100 | _aJayakar, P | ||
| 245 | 4 | _aThe earth mother | |
| 260 |
_aNew Delhi _bPenguin books _c1989 |
||
| 300 | _a229 p ., | ||
| 650 | _aSociology | ||
| 650 | _aAnthropology | ||
| 942 | _cL | ||
| 999 |
_c3080 _d3080 |
||